[Event "Titled Tuesday intern op 16th Aug Late"]
[Site "Chess.com INT"]
[Date "2022.08.16"]
[Round "5"]
[White "Ambartsumova, Karina"]
[Black "Xu, Jeffrey"]
[Result "1-0"]
[WhiteElo "2386"]
[BlackElo "2047"]
[PlyCount "149"]
[EventDate "2022.08.16"]
[EventType "swiss (blitz)"]
[EventRounds "11"]
[EventCountry "USA"]
[SourceTitle "EXT 2023"]
[Source "ChessBase"]
[SourceDate "2022.10.05"]
[SourceVersion "1"]
[SourceVersionDate "2022.10.05"]
[SourceQuality "1"]

1. Nf3 a6 2. g3 b5 3. Bg2 Bb7 4. 0-0 Nf6 5. a4 b4 6. d4 h5 7. h4 d6 8. c4 Qc8 9. d5 Qg4 10. Bf4 Nbd7 11. Nbd2 a5 12. e4 Nc5 13. e5 Nfd7 14. e6 fxe6 15. dxe6 Nxe6 16. Be3 Nec5 17. Qc2 0-0-0 18. Ng5 Bxg2 19. Kxg2 Ne5 20. f4 Nc6 21. Ndf3 Rh6 22. Nf7 Rg6 23. N3g5 Rd7 24. Qxg6 Qe2+ 25. Bf2 Qxb2 26. Rab1 Qf6 27. Qxf6 exf6 28. Bxc5 dxc5 29. Rfe1 fxg5 30. Re8+ Nd8 31. Rxf8 Rxf7 32. Rg8 gxf4 33. Rd1 Rd7 34. Rxd7 Kxd7 35. Rxg7+ Kd6 36. gxf4 b3 37. Rg3 Ne6 38. Rxb3 Nxf4+ 39. Kf3 Ng6 40. Kg3 Ne5 41. Rc3 Ke6 42. Kf4 Ng6+ 43. Kg5 Ne5 44. Kxh5 Kf5 45. Rc1 Ke4 46. Kg5 Kd4 47. h5 Nf3+ 48. Kg6 Ne5+ 49. Kg7 Nxc4 50. Rxc4+ Kxc4 51. h6 Kb3 52. h7 Kxa4 53. h8Q Kb3 54. Qh3+ Kb4 55. Qg4+ c4 56. Qd4 Kb3 57. Qc5 a4 58. Qb5+ Kc2 59. Qxa4+ Kd3 60. Qb5 Kd4 61. Qb4 Kd3 62. Qb5 Kd4 63. Kf6 c3 64. Kf5 c2 65. Qc6 Kd3 66. Qe4+ Kd2 67. Qd4+ Kc1 68. Qe3+ Kb1 69. Qd3 Ka1 70. Qxc2 c5 71. Qxc5 Kb1 72. Ke4 Kb2 73. Kd3 Kb3 74. Qc4+ Ka3 75. Qb5 1-0

[Event "CAN-ch U20"]
[Site "Toronto"]
[Date "2019.08.09"]
[Round "4"]
[White "Xu, Jeffrey"]
[Black "Ning, Eric"]
[Result "0-1"]
[WhiteElo "2067"]
[BlackElo "1842"]
[PlyCount "106"]
[EventDate "2019.08.08"]
[EventType "swiss"]
[EventRounds "8"]
[EventCountry "CAN"]
[SourceTitle "CBM 191 Extra"]
[Source "ChessBase"]
[SourceDate "2019.09.30"]
[SourceVersion "1"]
[SourceVersionDate "2019.09.30"]
[SourceQuality "1"]

1. d3 g6 2. c3 d5 3. Nf3 Bg7 4. Nbd2 Nf6 5. e4 dxe4 6. dxe4 0-0 7. Be2 b6 8. 0-0 Bb7 9. Qc2 e6 10. a4 Nbd7 11. b4 a5 12. Rb1 Ra7 13. Bc4 Qa8 14. Re1 Rd8 15. Bb3 Ng4 16. h3 Nge5 17. Nd4 axb4 18. cxb4 Ba6 19. b5 Nc5 20. bxa6 Rxd4 21. Nf3 Nxf3+ 22. gxf3 Nxb3 23. Rxb3 Rxa4 24. Rxb6 cxb6 25. Qxa4 Rxa6 26. Qb4 Qc6 27. Rd1 Ra8 28. Be3 b5 29. Qe7 Qe8 30. Qb7 Rb8 31. Qc7 b4 32. Rd7 Qc8 33. Qxc8+ Rxc8 34. Rb7 Bf8 35. Bd4 Bd6 36. Rb6 Be7 37. Kf1 h6 38. Ke2 Bc5 39. Bxc5 Rxc5 40. Rxb4 Rh5 41. Kf1 Rxh3 42. Kg2 Rh5 43. f4 Kg7 44. Kg3 Rc5 45. Ra4 h5 46. Rb4 Kh6 47. Rb7 Kg7 48. Rb4 Rc6 49. Ra4 Kh6 50. Ra7 f6 51. Rf7 e5 52. Re7 Rc3+ 53. f3 exf4+ 0-1

[Event "CAN-ch U20"]
[Site "Toronto"]
[Date "2019.08.08"]
[Round "1"]
[White "Xu, Daniel"]
[Black "Xu, Jeffrey"]
[Result "0-1"]
[WhiteElo "1915"]
[BlackElo "2067"]
[PlyCount "48"]
[EventDate "2019.08.08"]
[EventType "swiss"]
[EventRounds "8"]
[EventCountry "CAN"]
[SourceTitle "CBM 191 Extra"]
[Source "ChessBase"]
[SourceDate "2019.09.30"]
[SourceVersion "1"]
[SourceVersionDate "2019.09.30"]
[SourceQuality "1"]

1. d4 Nf6 2. c4 c5 3. d5 e5 4. Nc3 d6 5. e4 Be7 6. Nf3 0-0 7. Be2 Nbd7 8. 0-0 Ne8 9. a3 g6 10. Nd2 Bg5 11. b4 f5 12. Rb1 b6 13. Bb2 Ndf6 14. Bd3 Bh6 15. Qe2 Nh5 16. g3 f4 17. Qd1 Bh3 18. Re1 Qf6 19. Qe2 Qg5 20. Nf3 Qg4 21. Nd2 f3 22. Qd1 Bg2 23. Bf1 Bxd2 24. Bxg2 Bxe1 0-1

[Event "Scarborough CC-ch"]
[Site "Toronto"]
[Date "2019.05.16"]
[Round "7.3"]
[White "Mao, Fengxi"]
[Black "Xu, Jeffrey"]
[Result "1/2-1/2"]
[WhiteElo "2098"]
[BlackElo "2268"]
[PlyCount "53"]
[EventDate "2019.04.04"]
[EventType "swiss"]
[EventRounds "8"]
[EventCountry "CAN"]
[SourceTitle "EXT 2022"]
[Source "ChessBase"]
[SourceDate "2021.10.06"]
[SourceVersion "1"]
[SourceVersionDate "2021.10.06"]
[SourceQuality "1"]

1. e4 e6 2. d4 d5 3. Nd2 Be7 4. c3 c5 5. dxc5 Bxc5 6. Bd3 Nf6 7. Qe2 Nc6 8. Ngf3 0-0 9. 0-0 Re8 10. e5 Nd7 11. Nb3 Be7 12. Bf4 f5 13. exf6 Bxf6 14. Bc2 a5 15. a4 e5 16. Be3 Nf8 17. Rad1 e4 18. Nfd4 Ne5 19. Qb5 Nc4 20. Ne2 Nxb2 21. Rxd5 Bd7 22. Qxb7 Rb8 23. Qa7 Ra8 24. Qb7 Rb8 25. Qa7 Ra8 26. Qb7 Rb8 27. Qa7 1/2-1/2

[Event "Scarborough CC-ch"]
[Site "Toronto"]
[Date "2019.05.09"]
[Round "6.3"]
[White "Xu, Jeffrey"]
[Black "Lin, Benjamin1"]
[Result "1-0"]
[WhiteElo "2268"]
[BlackElo "1721"]
[PlyCount "60"]
[EventDate "2019.04.04"]
[EventType "swiss"]
[EventRounds "8"]
[EventCountry "CAN"]
[SourceTitle "EXT 2022"]
[Source "ChessBase"]
[SourceDate "2021.10.06"]
[SourceVersion "1"]
[SourceVersionDate "2021.10.06"]
[SourceQuality "1"]

1. e4 c5 2. Nf3 e6 3. d3 Nc6 4. g3 d5 5. exd5 exd5 6. Qe2+ Be7 7. Bg2 Nf6 8. 0-0 0-0 9. h3 b5 10. b3 Bb7 11. Bb2 d4 12. a4 b4 13. Nbd2 Re8 14. Nc4 Na5 15. Nxa5 Qxa5 16. Rae1 Bd6 17. Qd1 Qc7 18. Nd2 Bxg2 19. Kxg2 Nd7 20. Nc4 Ne5 21. Nxe5 Bxe5 22. Qf3 a5 23. Re2 Ra6 24. Rfe1 Rae6 25. Bc1 Bd6 26. Rxe6 Rxe6 27. Rxe6 fxe6 28. Qe4 e5 29. f4 exf4 30. Bxf4 Bxf4 1-0

[Event "Scarborough CC Falling Leaves"]
[Site "Toronto"]
[Date "2018.11.22"]
[Round "4.1"]
[White "Zhao, Jeffrey R"]
[Black "Xu, Jeffrey"]
[Result "0-1"]
[WhiteElo "1983"]
[BlackElo "2269"]
[PlyCount "68"]
[EventDate "2018.11.01"]
[EventType "swiss"]
[EventRounds "7"]
[EventCountry "CAN"]
[SourceTitle "EXT 2022"]
[Source "ChessBase"]
[SourceDate "2021.10.06"]
[SourceVersion "1"]
[SourceVersionDate "2021.10.06"]
[SourceQuality "1"]

1. e4 e6 2. d4 d5 3. Nc3 Bb4 4. e5 c5 5. a3 Bxc3+ 6. bxc3 Ne7 7. Qg4 Qc7 8. Bd3 cxd4 9. Ne2 dxc3 10. Qxg7 Rg8 11. Qxh7 Nbc6 12. Bf4 Bd7 13. Bg3 a6 14. 0-0 0-0-0 15. Qh4 Ng6 16. Bxg6 fxg6 17. Qf4 g5 18. Qe3 d4 19. Qe4 Be8 20. Qg4 Bf7 21. Rfd1 Qb6 22. Nc1 Qb2 23. Ra2 Qb1 24. Re1 Kb8 25. Qe2 d3 26. cxd3 Nd4 27. Qd1 Rc8 28. Qa4 Rgd8 29. f3 Nb5 30. Qb4 Qxb4 31. axb4 Bg6 32. Rd1 Rd4 33. Be1 Rxb4 34. Ne2 Rb2 0-1

[Event "Scarborough CC-ch"]
[Site "Toronto"]
[Date "2018.04.05"]
[Round "1"]
[White "Picana, Andrew"]
[Black "Xu, Jeffrey"]
[Result "0-1"]
[WhiteElo "1935"]
[BlackElo "1985"]
[PlyCount "121"]
[EventDate "2018.04.05"]
[EventType "swiss"]
[EventRounds "8"]
[EventCountry "CAN"]
[SourceTitle "EXT 2024"]
[Source "ChessBase"]
[SourceDate "2023.10.10"]
[SourceVersion "1"]
[SourceVersionDate "2023.10.10"]
[SourceQuality "1"]

1. Nf3 Nf6 2. g3 g6 3. Bg2 Bg7 4. c4 0-0 5. Nc3 d6 6. 0-0 Nbd7 7. d4 Re8 8. Qc2 e5 9. Rd1 h6 10. h3 Qe7 11. b3 exd4 12. Nxd4 Nc5 13. Bb2 c6 14. e3 Bd7 15. a4 a5 16. Ra2 Rad8 17. Kh2 h5 18. Ba3 h4 19. g4 Bxg4 20. hxg4 Nxg4+ 21. Kg1 h3 22. Bd5 cxd5 23. Nxd5 Qh4 24. Nf3 Qh6 25. Bxc5 dxc5 26. Qd2 b6 27. Qe2 Kh7 28. Rad2 Rd6 29. Kh1 Nf6 30. Nxf6+ Rxf6 31. Rg1 Kg8 32. Rg3 Rf5 33. Rd6 Qh5 34. Qd1 Bf6 35. Kh2 Be5 36. Nxe5 Rxf2+ 37. Kg1 h2+ 38. Kxf2 h1Q 39. Qxh1 Qxh1 40. Ng4 Kg7 41. Nf6 Qh2+ 42. Rg2 Qh4+ 43. Ke2 Re6 44. Rxe6 fxe6 45. Ng4 Qh1 46. Kf2 Qb1 47. Kf3 Qxb3 48. Ne5 Qd1+ 49. Kf2 Qc2+ 50. Kg1 Qc1+ 51. Kh2 Kf6 52. Ng4+ Ke7 53. Kg3 Qxc4 54. Kf3 Qxa4 55. Ne5 Kd6 56. Nxg6 c4 57. Rd2+ Kc7 58. Ne5 c3 59. Rd4 Qb5 60. Nd3 c2 61. Nc1 0-1

[Event "CAN-ch U16"]
[Site "Sault Ste Marie"]
[Date "2017.07.08"]
[Round "5.17"]
[White "Liu, Zhanhe"]
[Black "Xu, Jeffrey"]
[Result "1/2-1/2"]
[WhiteElo "2188"]
[BlackElo "2125"]
[PlyCount "59"]
[EventDate "2017.07.06"]
[EventType "swiss"]
[EventRounds "7"]
[EventCountry "CAN"]
[SourceTitle "EXT 2022"]
[Source "ChessBase"]
[SourceDate "2021.10.06"]
[SourceVersion "1"]
[SourceVersionDate "2021.10.06"]
[SourceQuality "1"]

1. e4 e6 2. d4 d5 3. Nd2 Nf6 4. e5 Nfd7 5. Bd3 c5 6. c3 Nc6 7. Ngf3 Be7 8. 0-0 g5 9. dxc5 g4 10. Nd4 Ncxe5 11. Bb5 Bxc5 12. f4 Nc6 13. N2b3 Nxd4 14. cxd4 Bb6 15. Qxg4 Qf6 16. Kh1 Qg6 17. Qe2 f5 18. Nc5 Bxc5 19. dxc5 Kf7 20. Bxd7 Bxd7 21. Be3 Rhg8 22. Rf2 Qg4 23. Bd4 Qxe2 24. Rxe2 Rg4 25. Rf2 Bb5 26. Rd1 h5 27. b3 h4 28. Rdd2 Rag8 29. a4 Ba6 30. Kg1 1/2-1/2

[Event "CAN-ch U16"]
[Site "Sault Ste Marie"]
[Date "2017.07.07"]
[Round "4.16"]
[White "Liang, Hairan"]
[Black "Xu, Jeffrey"]
[Result "1-0"]
[WhiteElo "2186"]
[BlackElo "2125"]
[PlyCount "107"]
[EventDate "2017.07.06"]
[EventType "swiss"]
[EventRounds "7"]
[EventCountry "CAN"]
[SourceTitle "EXT 2022"]
[Source "ChessBase"]
[SourceDate "2021.10.06"]
[SourceVersion "1"]
[SourceVersionDate "2021.10.06"]
[SourceQuality "1"]

1. e4 e6 2. d4 d5 3. Nd2 Nf6 4. e5 Nfd7 5. Bd3 c5 6. c3 Nc6 7. Ne2 cxd4 8. cxd4 f6 9. exf6 Nxf6 10. Nf3 Bd6 11. 0-0 Qc7 12. Nc3 a6 13. Bd2 0-0 14. Rc1 Bd7 15. Re1 Rae8 16. Na4 b5 17. Nc5 Bxc5 18. Rxc5 Qd6 19. Rc1 Kh8 20. h3 Bc8 21. a4 b4 22. Rxc6 Qxc6 23. Bxb4 Ne4 24. Bxf8 Rxf8 25. Qc2 Qb6 26. Bxe4 dxe4 27. Rxe4 Bb7 28. Re3 Rc8 29. Rc3 Rxc3 30. Qxc3 Kg8 31. Ne5 Qd6 32. Qc5 Qd5 33. Qxd5 Bxd5 34. g3 a5 35. Kf1 Bb3 36. Nc6 Bxa4 37. Nxa5 Kf7 38. Ke2 Kf6 39. Nc4 g5 40. Ke3 h5 41. b4 Bb5 42. Nd6 Bf1 43. h4 gxh4 44. gxh4 Bg2 45. Kf4 Ke7 46. Ne4 Kd7 47. Nf6+ Kd6 48. Nxh5 Kd5 49. Ke3 e5 50. dxe5 Kxe5 51. Ng3 Kd5 52. h5 Ke5 53. f4+ Kf6 54. b5 1-0

[Event "North American-ch U20"]
[Site "Kitchener"]
[Date "2015.07.29"]
[Round "7"]
[White "Chen, Richard"]
[Black "Xu, Jeffrey"]
[Result "1-0"]
[WhiteElo "2082"]
[BlackElo "1847"]
[PlyCount "167"]
[EventDate "2015.07.26"]
[EventType "swiss"]
[EventRounds "9"]
[EventCountry "CAN"]
[SourceTitle "EXT 2019"]
[Source "ChessBase"]
[SourceDate "2018.10.10"]
[SourceVersion "1"]
[SourceVersionDate "2018.10.10"]
[SourceQuality "1"]

1. e4 e6 2. d4 d5 3. Nd2 Nf6 4. e5 Nfd7 5. f4 c5 6. c3 Nc6 7. Ndf3 Qb6 8. g3 cxd4 9. cxd4 Bb4+ 10. Kf2 f6 11. Kg2 0-0 12. Bd3 f5 13. Ne2 a5 14. h3 Qd8 15. g4 Nb6 16. Kh2 h6 17. Qf1 Kf7 18. Qg2 g6 19. Rg1 Rg8 20. Be3 a4 21. a3 Be7 22. Qg3 Na5 23. gxf5 gxf5 24. Qf2 Bd7 25. Rxg8 Qxg8 26. Rg1 Qh7 27. Ng3 Rg8 28. Qe2 Nac4 29. Bc1 Ke8 30. Nd2 Bb5 31. b3 axb3 32. Nxb3 Qg6 33. Be3 Qf7 34. Nc5 Bc6 35. Bf2 Kd8 36. a4 Kc7 37. Ra1 Ra8 38. Be1 Bxc5 39. dxc5 Nxa4 40. Bxc4 dxc4 41. Qxc4 Nb2 42. Qc1 Nd3 43. Qc3 Rxa1 44. Qxa1 Nxf4 45. Ba5+ Kd7 46. Qd1+ Nd5 47. Qd3 Ke7 48. Bd2 Qg7 49. Qd4 f4 50. Bxf4 Nxf4 51. Qxf4 Qg6 52. Qh4+ Kf7 53. Qf4+ Kg7 54. Qg4 Kf7 55. Qxg6+ Kxg6 56. h4 Bf3 57. Kg1 Bc6 58. Kf2 Bd5 59. Ke3 Bc6 60. Kd4 Bf3 61. Kc4 Kf7 62. Kb5 Ke7 63. Kb6 Kd7 64. Nf1 Kc8 65. Ne3 Be2 66. Nc2 Bd3 67. Nd4 Bc4 68. c6 bxc6 69. Kxc6 Kd8 70. Kd6 Ke8 71. Nxe6 Kf7 72. Nf4 Bb3 73. Nd5 Kg6 74. e6 Kh5 75. e7 Ba4 76. Nf6+ Kg6 77. Nd7 Kf7 78. Ne5+ Kf6 79. Ng4+ Kg6 80. Kc7 h5 81. Ne3 Be8 82. Kd8 Kf7 83. Nc4 Ba4 84. Nb6 1-0

[Event "North American-ch U20"]
[Site "Kitchener"]
[Date "2015.07.26"]
[Round "1"]
[White "Balakrishnan, Praveen"]
[Black "Xu, Jeffrey"]
[Result "1-0"]
[WhiteElo "2226"]
[BlackElo "1847"]
[PlyCount "119"]
[EventDate "2015.07.26"]
[EventType "swiss"]
[EventRounds "9"]
[EventCountry "CAN"]
[SourceTitle "EXT 2019"]
[Source "ChessBase"]
[SourceDate "2018.10.10"]
[SourceVersion "1"]
[SourceVersionDate "2018.10.10"]
[SourceQuality "1"]

1. e4 e6 2. d4 d5 3. Nc3 Bb4 4. e5 c5 5. a3 Bxc3+ 6. bxc3 Ne7 7. Qg4 Qc7 8. Bd3 c4 9. Be2 Qa5 10. Bd2 Nf5 11. Nh3 Nc6 12. Nf4 Bd7 13. Nh5 0-0-0 14. Qh3 Rdg8 15. g4 Nfe7 16. Qe3 Kb8 17. 0-0 Ka8 18. f4 Qd8 19. Be1 f5 20. exf6 gxf6 21. Kh1 Ng6 22. Qf3 f5 23. g5 h6 24. Nf6 Rg7 25. Bg3 Nce7 26. Qe3 Ng8 27. Nxd7 Qxd7 28. Rae1 N8e7 29. Bd1 Nf8 30. h4 Nc8 31. h5 Nd6 32. g6 Ne4 33. Bh4 Qd6 34. Bf3 Nd7 35. Bxe4 dxe4 36. Qe2 Qd5 37. Rb1 Rc8 38. a4 b6 39. Rb5 Qd6 40. Rb4 Qd5 41. Rfb1 a6 42. Kg1 Ka7 43. Kf2 Ka8 44. Ke3 Ka7 45. Qf1 Ka8 46. Qc1 Ka7 47. Qa3 Qd6 48. Qb2 Qc6 49. Qa2 Qd5 50. R1b2 Qc6 51. Qb1 Qd6 52. Qc1 Qd5 53. Rb1 Qd6 54. Qa3 Qd5 55. R4b2 Qc6 56. Qb4 Qd5 57. Bf6 Rgg8 58. Be5 Ka8 59. Qe7 Nxe5 60. Rxb6 1-0

[Event "CAN-ch U14"]
[Site "Windsor"]
[Date "2015.07.08"]
[Round "5.21"]
[White "Xu, Jeffrey"]
[Black "Chen, Richard"]
[Result "0-1"]
[WhiteElo "2108"]
[BlackElo "2297"]
[PlyCount "82"]
[EventDate "2015.07.06"]
[EventType "swiss"]
[EventRounds "7"]
[EventCountry "CAN"]
[SourceTitle "EXT 2022"]
[Source "ChessBase"]
[SourceDate "2021.10.06"]
[SourceVersion "1"]
[SourceVersionDate "2021.10.06"]
[SourceQuality "1"]

1. e4 e6 2. d4 d5 3. e5 c5 4. c3 Nc6 5. Nf3 Qb6 6. a3 Nh6 7. b4 cxd4 8. cxd4 Nf5 9. Be3 Bd7 10. Bd3 Nxe3 11. fxe3 Rc8 12. 0-0 Be7 13. Nbd2 0-0 14. Nb3 a5 15. Nc5 Be8 16. b5 Nb8 17. Na4 Qd8 18. Qb3 Nd7 19. Rfc1 f6 20. exf6 Rxf6 21. e4 Rxc1+ 22. Rxc1 Rxf3 23. gxf3 Bg5 24. Re1 Bd2 25. Re2 Qg5+ 26. Kf1 Be3 27. Rg2 Qf4 28. Qd1 Bh5 29. Rg3 Bxd4 30. Qe2 Ne5 31. exd5 exd5 32. Kg2 Qc1 33. Qf1 Qd2+ 34. Be2 Ng6 35. Kh1 Nf4 36. Bd1 Bg6 37. Bb3 Bd3 38. Qd1 Qe3 39. Rg2 Nxg2 40. Kxg2 Qf2+ 41. Kh1 Bf1 0-1

[Event "Toronto NAYCC U12"]
[Site "Toronto"]
[Date "2013.08.17"]
[Round "6"]
[White "Cai, Jason"]
[Black "Xu, Jeffrey"]
[Result "0-1"]
[WhiteElo "1778"]
[BlackElo "1976"]
[PlyCount "72"]
[EventDate "2013.08.14"]
[EventType "swiss"]
[EventRounds "9"]
[EventCountry "CAN"]
[SourceTitle "EXT 2022"]
[Source "ChessBase"]
[SourceDate "2021.10.06"]
[SourceVersion "1"]
[SourceVersionDate "2021.10.06"]
[SourceQuality "1"]

1. e4 e6 2. d4 d5 3. Nd2 Nf6 4. e5 Nfd7 5. Bd3 c5 6. c3 Nc6 7. Ngf3 Qb6 8. 0-0 Be7 9. Re1 g5 10. h3 h5 11. g4 hxg4 12. hxg4 cxd4 13. cxd4 Nxd4 14. Nxd4 Qxd4 15. Nb3 Qa4 16. Qe2 a6 17. Bc2 Qc6 18. Be3 d4 19. f3 dxe3 20. Be4 Qb6 21. Rac1 Nxe5 22. Qxe3 Qxe3+ 23. Rxe3 Rb8 24. Rec3 0-0 25. Nc5 b6 26. Nd3 Nxd3 27. Rxd3 Bc5+ 28. Kg2 Bb7 29. Rcd1 Bxe4 30. fxe4 Kg7 31. e5 Rbc8 32. Kf3 Rh8 33. Ke4 Rh4 34. Rg3 Rch8 35. Rd2 Rh3 36. Rgg2 Re3# 0-1

[Event "Toronto NAYCC U12"]
[Site "Toronto"]
[Date "2013.08.16"]
[Round "4"]
[White "Li, Ben"]
[Black "Xu, Jeffrey"]
[Result "1/2-1/2"]
[WhiteElo "1976"]
[BlackElo "2037"]
[PlyCount "73"]
[EventDate "2013.08.14"]
[EventType "swiss"]
[EventRounds "9"]
[EventCountry "CAN"]
[SourceTitle "EXT 2022"]
[Source "ChessBase"]
[SourceDate "2021.10.06"]
[SourceVersion "1"]
[SourceVersionDate "2021.10.06"]
[SourceQuality "1"]

1. d4 e6 2. c4 Nf6 3. Nf3 Bb4+ 4. Bd2 Qe7 5. Nc3 Bxc3 6. Bxc3 Ne4 7. Rc1 Nxc3 8. Rxc3 0-0 9. e3 d6 10. Be2 e5 11. 0-0 Nc6 12. d5 Nb8 13. e4 Bg4 14. Nd2 Bxe2 15. Qxe2 Nd7 16. b4 a5 17. bxa5 Rxa5 18. Nb3 Ra4 19. Rfc1 b6 20. R1c2 Rfa8 21. Nc1 Nc5 22. f3 Qg5 23. Rb2 f5 24. exf5 Qxf5 25. Qd2 Qf6 26. Ne2 Qh4 27. g3 Qh5 28. Kg2 Qg6 29. Kh1 Qf5 30. Kg1 R8a5 31. Kh1 Ra3 32. Kg2 Qf6 33. Re3 R5a4 34. Rc2 Qf5 35. Rxa3 Rxa3 36. Rc3 Rxc3 37. Qxc3 1/2-1/2

[Event "CAN-ch U12"]
[Site "Ottawa"]
[Date "2013.07.12"]
[Round "6"]
[White "Xu, Jeffrey"]
[Black "Tolentino, Andre Angelo"]
[Result "1-0"]
[WhiteElo "1862"]
[BlackElo "1309"]
[PlyCount "63"]
[EventDate "2013.07.10"]
[EventType "swiss"]
[EventRounds "6"]
[EventCountry "CAN"]
[SourceTitle "EXT 2022"]
[Source "ChessBase"]
[SourceDate "2021.10.06"]
[SourceVersion "1"]
[SourceVersionDate "2021.10.06"]
[SourceQuality "1"]

1. e4 e6 2. d4 d5 3. e5 c5 4. c3 Nc6 5. Nf3 Qb6 6. a3 Nge7 7. b4 cxd4 8. cxd4 Nf5 9. Be3 Nxe3 10. fxe3 Bd7 11. Bd3 Be7 12. 0-0 0-0 13. Nc3 Rac8 14. Na4 Qd8 15. Nc5 b6 16. Nxd7 Qxd7 17. Rc1 f6 18. Bb5 Qb7 19. Qa4 Nb8 20. Qb3 a6 21. Bd3 b5 22. Bb1 Nd7 23. exf6 Nxf6 24. Ng5 Qd7 25. Rxc8 Rxc8 26. Qd3 g6 27. h4 Nh5 28. Nxh7 Ng7 29. Qxg6 Bxh4 30. g3 Be7 31. Rf7 Rc1+ 32. Kg2 1-0

[Event "CAN-ch U12"]
[Site "Ottawa"]
[Date "2013.07.11"]
[Round "3"]
[White "Wan, Kevin"]
[Black "Xu, Jeffrey"]
[Result "1-0"]
[WhiteElo "2148"]
[BlackElo "1862"]
[PlyCount "139"]
[EventDate "2013.07.10"]
[EventType "swiss"]
[EventRounds "6"]
[EventCountry "CAN"]
[SourceTitle "EXT 2022"]
[Source "ChessBase"]
[SourceDate "2021.10.06"]
[SourceVersion "1"]
[SourceVersionDate "2021.10.06"]
[SourceQuality "1"]

1. e4 e6 2. d4 d5 3. Nd2 Nf6 4. e5 Nfd7 5. Bd3 c5 6. c3 Nc6 7. Ne2 cxd4 8. cxd4 f6 9. exf6 Nxf6 10. Nf3 Bd6 11. 0-0 Qc7 12. Bg5 0-0 13. Bh4 Nh5 14. Bg3 Nxg3 15. hxg3 Bd7 16. Nc3 Qd8 17. Qb3 b6 18. Rae1 Qf6 19. Bb5 Na5 20. Qa4 Bxb5 21. Qxb5 Rf7 22. Ne5 Bxe5 23. Rxe5 Nc4 24. Re2 Qxd4 25. Qc6 Raf8 26. Qxe6 Qc5 27. Nxd5 Kh8 28. Nf4 Nd6 29. Re5 Qc7 30. Qh3 Nf5 31. Ree1 Rc8 32. Re2 Nd6 33. Rfe1 Rb8 34. Qh5 Kg8 35. Qd5 Qc5 36. Qd3 Qc7 37. Re6 Rd8 38. Qb3 Rdf8 39. R6e5 Qc4 40. Qd1 Nf5 41. b3 Qd4 42. Qxd4 Nxd4 43. R1e4 Nc6 44. Rd5 Rd8 45. Rxd8+ Nxd8 46. Re8+ Rf8 47. Re7 Rf7 48. Re8+ Rf8 49. Re4 Kf7 50. f3 Re8 51. Rd4 Nc6 52. Rd6 Ne5 53. Nd3 Nxd3 54. Rxd3 Re7 55. Kf2 Kf6 56. g4 Kf7 57. Re3 Rc7 58. Re2 Rc5 59. Ke3 Ke6 60. Kd3+ Kd7 61. Rc2 Ra5 62. Ke4 Ke6 63. f4 Kf6 64. Rc6+ Kf7 65. a4 Ke7 66. Rc7+ Kf6 67. g5+ Kg6 68. g4 h6 69. Rc6+ Kf7 70. gxh6 1-0

[Event "CAN-ch U12"]
[Site "Vancouver"]
[Date "2012.07.05"]
[Round "6"]
[White "Xu, Jeffrey"]
[Black "Bellissimo, Joseph F"]
[Result "0-1"]
[WhiteElo "1832"]
[BlackElo "2056"]
[PlyCount "56"]
[EventDate "2012.07.03"]
[EventType "swiss"]
[EventRounds "7"]
[EventCountry "CAN"]
[SourceTitle "EXT 2022"]
[Source "ChessBase"]
[SourceDate "2021.10.06"]
[SourceVersion "1"]
[SourceVersionDate "2021.10.06"]
[SourceQuality "1"]

1. e4 e6 2. d3 d5 3. Nd2 c5 4. Ngf3 Nc6 5. g3 Bd6 6. Bg2 Nge7 7. 0-0 0-0 8. c3 f6 9. Re1 d4 10. cxd4 cxd4 11. a3 a5 12. Nc4 Bc7 13. a4 e5 14. Nh4 Be6 15. Na3 Qd7 16. Nb5 Nb4 17. Nxc7 Qxc7 18. Re2 Rac8 19. Nf5 Nxf5 20. exf5 Bxf5 21. Qb3+ Kh8 22. Be4 Bxe4 23. dxe4 d3 24. Rd2 Qc6 25. f3 Qc5+ 26. Rf2 Nc2 27. Ra2 Nd4 28. Qc3 Ne2+ 0-1

[Event "CAN-ch U12"]
[Site "Vancouver"]
[Date "2012.07.04"]
[Round "4"]
[White "Cheung, Lukas"]
[Black "Xu, Jeffrey"]
[Result "0-1"]
[WhiteElo "1429"]
[BlackElo "1832"]
[PlyCount "158"]
[EventDate "2012.07.03"]
[EventType "swiss"]
[EventRounds "7"]
[EventCountry "CAN"]
[SourceTitle "EXT 2022"]
[Source "ChessBase"]
[SourceDate "2021.10.06"]
[SourceVersion "1"]
[SourceVersionDate "2021.10.06"]
[SourceQuality "1"]

1. e4 e6 2. d4 d5 3. exd5 exd5 4. Nf3 Bd6 5. Nc3 c6 6. Bd3 Nf6 7. Bg5 h6 8. Bxf6 Qxf6 9. 0-0 0-0 10. h3 Nd7 11. Re1 Rd8 12. Ne2 Nf8 13. c4 dxc4 14. Bxc4 Bxh3 15. gxh3 Qxf3 16. Ng3 Qf6 17. Ne4 Qf4 18. Nxd6 Rxd6 19. Rc1 Rad8 20. Rc3 Rg6+ 21. Kf1 Qh2 22. Rf3 Rg1+ 23. Ke2 Rxe1+ 24. Kxe1 Qh1+ 25. Bf1 Ne6 26. Rg3 Qe4+ 27. Re3 Qxd4 28. Qc2 Qb4+ 29. Rc3 Re8 30. Kd1 Ng5 31. a3 Qa5 32. b4 Qd5+ 33. Bd3 Ne4 34. Rc4 Nxf2+ 35. Kd2 Rd8 36. Rc3 Ne4+ 37. Ke2 Nxc3+ 38. Qxc3 Qg2+ 39. Ke1 Re8+ 40. Kd1 Qf3+ 41. Kc2 Qf2+ 42. Kb3 Qf6 43. Qc2 Re3 44. Ka2 Qe6+ 45. Bc4 Qe4 46. Qc1 Qg2+ 47. Kb1 Qf2 48. Qc2 Qxc2+ 49. Kxc2 Rxh3 50. a4 Kf8 51. a5 Rh4 52. Bd3 Rxb4 53. a6 b6 54. Kc3 Rh4 55. Kd2 Rd4 56. Ke3 Rxd3+ 57. Kxd3 h5 58. Ke3 c5 59. Kf3 c4 60. Ke3 h4 61. Kf3 c3 62. Ke3 h3 63. Kd3 h2 64. Kxc3 h1Q 65. Kd4 Qh5 66. Ke4 Qg5 67. Kd4 Qe7 68. Kd5 Qe6+ 69. Kd4 Qf5 70. Ke3 Qg4 71. Kf2 Qe4 72. Kg3 Qf5 73. Kh4 Qg6 74. Kh3 Ke7 75. Kh4 Ke6 76. Kh3 Kf5 77. Kh2 Kf4 78. Kh1 Kf3 79. Kh2 Qg2# 0-1

[Event "CAN-ch U12"]
[Site "Vancouver"]
[Date "2012.07.03"]
[Round "2"]
[White "Xu, Jeffrey"]
[Black "Hou, Frank Gui"]
[Result "1-0"]
[WhiteElo "1832"]
[BlackElo "1200"]
[PlyCount "99"]
[EventDate "2012.07.03"]
[EventType "swiss"]
[EventRounds "7"]
[EventCountry "CAN"]
[SourceTitle "EXT 2022"]
[Source "ChessBase"]
[SourceDate "2021.10.06"]
[SourceVersion "1"]
[SourceVersionDate "2021.10.06"]
[SourceQuality "1"]

1. e4 e5 2. Nf3 Nc6 3. d3 Nf6 4. Nbd2 Bc5 5. h3 0-0 6. g3 d6 7. Bg2 Be6 8. 0-0 Qd7 9. Kh2 d5 10. Ng5 h6 11. Nxe6 Qxe6 12. exd5 Nxd5 13. Ne4 Be7 14. Bd2 f5 15. Nc3 Nf6 16. f4 Bd6 17. Re1 Qf7 18. Bxc6 exf4 19. Bg2 fxg3+ 20. Kh1 c6 21. Qf3 Qg6 22. Re6 Rad8 23. Rae1 Bc5 24. Be3 Bxe3 25. R1xe3 Rfe8 26. Ne2 Rxe6 27. Rxe6 Re8 28. Rxe8+ Qxe8 29. Nxg3 Qe1+ 30. Kh2 Qc1 31. Qxf5 Qxc2 32. Qc8+ Kh7 33. Qxb7 Qxd3 34. Qxc6 Qd2 35. Qc3 Qf4 36. Qd3+ Kh8 37. Qd8+ Kh7 38. Qc8 h5 39. Qf5+ Qxf5 40. Nxf5 g5 41. Kg3 Kg6 42. Ne7+ Kf7 43. Nc6 a6 44. Kf3 Ke6 45. Ke3 Nd5+ 46. Bxd5+ Kxd5 47. Nb4+ Ke5 48. Nxa6 Kf6 49. Nc5 Ke5 50. Ne4 1-0